| 000 | 00658nam a2200205Ia 4500 | ||
|---|---|---|---|
| 003 | GCL | ||
| 008 | 140319s9999 xx 000 0 ara d | ||
| 020 | _a4925919977 | ||
| 040 |
_aGCL / _cGCL |
||
| 082 | 0 | 4 |
_a642.5 _bس خ |
| 100 | 1 | _aسامى عبدالقادر | |
| 245 | 1 | 0 |
_aالخدمة الفندقية فى المطاعم / _cسامى عبدالقادر |
| 250 | _aالاولى | ||
| 260 |
_aالقاهرة : _bمجموعة النيل العربية ، _c2004 |
||
| 300 |
_a263 ص ؛ _c24 سم |
||
| 650 | 0 | 4 | _aالمطاعم |
| 650 | 0 | 4 | _aالفنادق - خدمات الطعام |
| 650 | 0 | 4 | _aالمطاعم - تجهيزات |
| 942 |
_2ddc _cBK |
||
| 999 |
_c6082 _d6082 |
||